000
00231nam a22001217a 4500
040
_c
SK
082
_a
300
100
_a
PAUL NICHOLS
245
_a
Social survey methods
260
_a
RUA
_b
PAU
_c
1991
300
_a
129p.
942
_c
EK
999
_c
9947
_d
9947